LEADER 01245nam 2200349Ia 450 001 996397426103316 005 20200824132624.0 035 $a(CKB)4940000000061958 035 $a(EEBO)2240917643 035 $a(OCoLC)ocm43077722e 035 $a(OCoLC)43077722 035 $a(EXLCZ)994940000000061958 100 $a19991222d1648 uy | 101 0 $aeng 135 $aurbn||||a|bb| 200 13$aAn abridgement of Christian doctrine$b[electronic resource] $ewith proofs of Scripture for points controverted. : Catechistically explained by way of question and answer 210 $aPrinted at Dovvay [i.e. Douai] $c[s.n.]$dM.DC.XLVIII [1648] 215 $a[12], 320, [4] p 300 $a"To the reader" signed: H.T. 300 $aImperfect: pages tightly bound and stained, with print show-through. 300 $aReproduction of original in: Newberry Library, Chicago, Illinois. 330 $aeebo-0101 606 $aCatechisms, English$vEarly works to 1800 615 0$aCatechisms, English 700 $aTurberville$b Henry$fd. 1678.$0793399 801 0$bEAE 801 1$bEAE 801 2$bWaOLN 906 $aBOOK 912 $a996397426103316 996 $aAn abridgement of Christian doctrine$92329246 997 $aUNISA LEADER 00956cam a2200265 i 4500 001 991001712109707536 005 20020507150844.0 008 000310s1980 it 000 0 ita d 035 $ab11553133-39ule_inst 035 $aLE02723665$9ExL 040 $aDip.to Studi Giuridici$bita 082 0 $a346.07 100 1 $aDevoto, Luigi$0211238 245 12$aL'assuntore e la cessione delle revocatorie /$cLuigi Devoto 260 $aMilano :$bA. Giuffrè,$c1980 300 $a80 p. ;$c25 cm 490 0 $aQuaderni di Giurisprudenza commerciale ;$v28 650 4$aAzione revocatoria 650 4$aConcordato fallimentare 907 $a.b11553133$b01-03-17$c02-07-02 912 $a991001712109707536 945 $aLE027 346.07 DEV01.01$g1$i2027000116362$lle027$o-$pE0.00$q-$rl$s- $t0$u0$v0$w0$x0$y.i1175347x$z02-07-02 996 $aAssuntore e la cessione delle revocatorie$9681127 997 $aUNISALENTO 998 $ale027$b01-01-00$cm$da $e-$fita$git $h2$i1